[Event "Russian Championship G13 1st league 2016"]
[Site "Loo"]
[Date "2016.04.25"]
[Round "6.20"]
[White "Makarova, Anastasiya"]
[Black "Tletseri, Julietta"]
[Result "1/2-1/2"]
[WhiteElo "1385"]
[BlackElo "1546"]
[PlyCount "81"]
[EventDate "2016.04.20"]

1. c4 c5 2. Nc3 e6 3. e4 Nc6 4. d3 Nf6 5. g3 d5 6. Bg2 d4 7. Nce2 e5 8. h3 Nd7
9. f4 f6 10. Nf3 b6 11. f5 Bb7 12. a3 Qc7 13. Bd2 Be7 14. Qc2 O-O-O 15. g4 Rhg8
16. Rb1 a6 17. b4 Na7 18. Kf2 Kb8 19. Qb2 Nc8 20. Qb3 Ka7 21. Rb2 Nd6 22. Rhb1
b5 23. cxb5 axb5 24. bxc5 Nxc5 25. Qc2 Rc8 26. Ne1 Qb6 27. Qd1 Bc6 28. Bb4 Ndb7
29. Qd2 Rgd8 30. Ng3 Rd7 31. Rc2 Kb8 32. Rbc1 Nb3 33. Qd1 Nxc1 34. Qxc1 Bxb4
35. axb4 Rdc7 36. Qa1 Nd6 37. Ra2 Bb7 38. h4 Rc1 39. Qb2 R1c6 40. Nh5 Ne8 41.
Ng3 1/2-1/2

[Event "Russian Championship G13 1st league 2016"]
[Site "Loo"]
[Date "2016.04.25"]
[Round "6.21"]
[White "Moskaleva, Arina"]
[Black "Abrarova, Rimma"]
[Result "1-0"]
[WhiteElo "1392"]
[BlackElo "1529"]
[PlyCount "121"]
[EventDate "2016.04.20"]

1. d4 d5 2. c4 e5 3. dxe5 d4 4. Nf3 Nc6 5. a3 Nge7 6. b4 Ng6 7. Bb2 Ncxe5 8.
Nxe5 Nxe5 9. e3 Be6 10. Bxd4 Nxc4 11. Qc2 Nd6 12. Bd3 Qg5 13. O-O c6 14. f4 Qh5
15. f5 Bd7 16. Nd2 Qg4 17. Nc4 Nb5 18. Rae1 Be7 19. Ne5 Nxd4 20. exd4 Qxd4+ 21.
Kh1 O-O 22. f6 Bxf6 23. Bxh7+ Kh8 24. Nxd7 Qxd7 25. Bf5 Qd6 26. Re3 Bg5 27.
Rh3+ Bh6 28. Qf2 a5 29. Be4 Qe5 30. Qe3 Qd6 31. Qf3 Qe6 32. Bf5 Qf6 33. Qg3
axb4 34. axb4 Ra1 35. Qf2 Rxf1+ 36. Qxf1 Ra8 37. Rb3 Qd4 38. Rb1 g6 39. Bc2 Kg8
40. Bb3 Rf8 41. Qe2 b5 42. Qc2 Qd6 43. Rd1 Re8 44. Qf2 Qe7 45. Rf1 Rf8 46. Qf3
Qc7 47. Qf6 Bg7 48. Qxg6 Qd7 49. Qh5 Qe7 50. Bc2 Re8 51. h3 Rd8 52. Qh7+ Kf8
53. Bb3 Bf6 54. Qh6+ Bg7 55. Qxc6 Qxb4 56. Rxf7+ Kg8 57. Rd7+ Qxb3 58. Rxd8+
Kh7 59. Qe4+ Kh6 60. Rd6+ Kg5 61. Qg4# 1-0

[Event "Russian Championship G13 1st league 2016"]
[Site "Loo"]
[Date "2016.04.25"]
[Round "6.22"]
[White "Ustinovitch, Angelina"]
[Black "Izbekova, Evdokia"]
[Result "0-1"]
[WhiteElo "1206"]
[BlackElo "1509"]
[PlyCount "134"]
[EventDate "2016.04.20"]

1. e4 c5 2. b3 e6 3. Bb2 d6 4. g3 Nf6 5. Nc3 a6 6. Bg2 Qc7 7. Nge2 Nc6 8. O-O
Be7 9. f4 c4 10. d4 cxd3 11. Qxd3 b5 12. e5 dxe5 13. fxe5 Ng4 14. Qe4 Ngxe5 15.
Nxb5 Qb6+ 16. Kh1 f5 17. Qa4 Rb8 18. Nbc3 Bd7 19. Qf4 g5 20. Qd2 O-O 21. Na4
Qc7 22. Nd4 Nxd4 23. Qxd4 Bf6 24. Qc5 Rfc8 25. Qxc7 Rxc7 26. Rae1 Ng4 27. h3
Bxb2 28. Nxb2 Rxc2 29. hxg4 Rxb2 30. gxf5 exf5 31. Re7 Rd8 32. Rd1 Rxg2 33.
Rexd7 Rxd7 34. Rxd7 Rxa2 35. Rd5 Rb2 36. Rxf5 Rxb3 37. Rxg5+ Kf7 38. Ra5 Rb6
39. Kg2 Ke7 40. Kf3 Kd7 41. Rh5 h6 42. Ra5 Ke6 43. Kg4 Kf7 44. Kh4 Rg6 45. g4
Kg7 46. Kh3 Rf6 47. Kh4 Kg6 48. Kg3 Kf7 49. Kh4 Ke7 50. g5 Rg6 51. gxh6 Rxh6+
52. Kg5 Rb6 53. Kf4 Kd6 54. Ke4 Kc6 55. Kd4 Kb7 56. Kc5 Rc6+ 57. Kd5 Rh6 58.
Kc4 Kb6 59. Ra1 Rh4+ 60. Kb3 Kb5 61. Ra3 a5 62. Kb2 Rh2+ 63. Ka1 Kb4 64. Ra2
Rh1+ 65. Kb2 a4 66. Kc2 a3 67. Kd2 Rh2+ 0-1

[Event "Russian Championship G13 1st league 2016"]
[Site "Loo"]
[Date "2016.04.25"]
[Round "6.23"]
[White "Surkova, Ekaterina"]
[Black "Frolova, Lada"]
[Result "1-0"]
[WhiteElo "1482"]
[BlackElo "1378"]
[PlyCount "73"]
[EventDate "2016.04.20"]

1. e4 c5 2. d3 Nc6 3. g3 g6 4. Bg2 Bg7 5. f4 e6 6. Nf3 d5 7. Nbd2 dxe4 8. Nxe4
Nf6 9. Nxf6+ Bxf6 10. O-O O-O 11. c3 e5 12. fxe5 Nxe5 13. Nxe5 Bxe5 14. Bh6 Bg7
15. Bxg7 Kxg7 16. Qc2 Rb8 17. Rae1 Bf5 18. Be4 Bxe4 19. Rxe4 Qd6 20. Qe2 Rbd8
21. Re3 Qc6 22. Qf3 Qxf3 23. Rexf3 f5 24. Re1 Rfe8 25. Rfe3 Kf7 26. Rxe8 Rxe8
27. Rxe8 Kxe8 28. Kf2 Ke7 29. Ke3 Ke6 30. Kf4 h6 31. h4 Kf6 32. a3 a5 33. b3 b5
34. d4 b4 35. cxb4 a4 36. bxa4 c4 37. a5 1-0

[Event "Russian Championship G13 1st league 2016"]
[Site "Loo"]
[Date "2016.04.25"]
[Round "6.24"]
[White "Belova, Ksenia"]
[Black "Pavlosiuk, Vlada"]
[Result "1-0"]
[WhiteElo "1474"]
[BlackElo "1318"]
[PlyCount "65"]
[EventDate "2016.04.20"]

1. e4 e5 2. Nf3 Nc6 3. Bb5 a6 4. Ba4 Nge7 5. O-O g6 6. c3 Bg7 7. d4 exd4 8.
cxd4 b5 9. Bc2 O-O 10. Nc3 d6 11. h3 h6 12. a3 Kh8 13. Ne2 f5 14. exf5 Bxf5 15.
Ng3 Kh7 16. Bxf5 Nxf5 17. Nxf5 Rxf5 18. Be3 d5 19. Qc2 Qd7 20. Rac1 Rf6 21.
Rfe1 Ra7 22. Qc5 Rb7 23. Qc2 Ne7 24. Ne5 Qd8 25. Qd2 Qe8 26. Ng4 Re6 27. Bxh6
Rxe1+ 28. Rxe1 Qf7 29. Bxg7 Qxg7 30. Qg5 c6 31. Nf6+ Kh8 32. Qh4+ Qh7 33. Qxh7#
1-0

[Event "Russian Championship G13 1st league 2016"]
[Site "Loo"]
[Date "2016.04.25"]
[Round "6.25"]
[White "Ivanova, Anastasia"]
[Black "Tokmakova, Ulyana"]
[Result "1/2-1/2"]
[WhiteElo "1460"]
[BlackElo "1175"]
[PlyCount "90"]
[EventDate "2016.04.20"]

1. c4 f5 2. Nc3 Nf6 3. g3 g6 4. Bg2 Bg7 5. Nf3 d6 6. O-O e5 7. d3 Be6 8. Ng5
Bc8 9. Qb3 c6 10. e4 h6 11. Nf3 Qe7 12. Re1 O-O 13. Nh4 Qf7 14. exf5 Bxf5 15.
Nxf5 Ng4 16. Nxh6+ Bxh6 17. f3 Bxc1 18. Raxc1 Nh6 19. Rf1 Na6 20. Ne4 Rad8 21.
g4 Kg7 22. Rcd1 Rh8 23. Qc3 Qf4 24. Qd2 Qf7 25. h3 Nc7 26. f4 exf4 27. Qxf4 Qe7
28. Qf6+ Qxf6 29. Rxf6 d5 30. cxd5 Nxd5 31. Rf3 Nf7 32. d4 Rhe8 33. Nc3 Ng5 34.
Rf2 Nxc3 35. bxc3 Re3 36. h4 Ne6 37. Rf3 Re2 38. Ra1 Rd2 39. a4 c5 40. dxc5
Nxc5 41. a5 R8d3 42. Raf1 Rxf3 43. Rxf3 Nb3 44. a6 bxa6 45. c4 Nc5 1/2-1/2

[Event "Russian Championship G13 1st league 2016"]
[Site "Loo"]
[Date "2016.04.25"]
[Round "6.26"]
[White "Shamsutdinova, Karina"]
[Black "Tolstykh, Arina"]
[Result "1-0"]
[WhiteElo "1437"]
[BlackElo "1254"]
[PlyCount "57"]
[EventDate "2016.04.20"]

1. d4 d5 2. c4 e6 3. Nc3 c6 4. e3 Nf6 5. b3 Nbd7 6. Bd3 dxc4 7. bxc4 Bd6 8. f4
c5 9. Nf3 O-O 10. O-O b6 11. Ba3 Qe7 12. Nb5 Bb7 13. Nxd6 Bxf3 14. Rxf3 Qxd6
15. dxc5 Nxc5 16. Bxh7+ Nxh7 17. Qxd6 Rfd8 18. Qe5 Nd3 19. Qc3 Nf6 20. Qc2 Rd7
21. Rd1 Rad8 22. Rff1 Ne4 23. Bc1 f5 24. Bd2 Nef2 25. Rxf2 Nxf2 26. Kxf2 Rd3
27. Ke2 Kf7 28. Qxd3 Rxd3 29. Kxd3 1-0

[Event "Russian Championship G13 1st league 2016"]
[Site "Loo"]
[Date "2016.04.25"]
[Round "6.27"]
[White "Lobanova, Milana"]
[Black "Pichnenko, Nina"]
[Result "0-1"]
[WhiteElo "1316"]
[BlackElo "1439"]
[PlyCount "68"]
[EventDate "2016.04.20"]

1. d4 Nf6 2. c4 g6 3. Nf3 Bg7 4. g3 O-O 5. Bg2 d6 6. Nc3 Nbd7 7. e4 e5 8. d5
Nc5 9. Bg5 Bg4 10. b4 Ncd7 11. h3 Bxf3 12. Qxf3 h6 13. Bxf6 Qxf6 14. Qxf6 Nxf6
15. a4 b6 16. Rc1 Rfc8 17. f4 Nh5 18. Ne2 exf4 19. gxf4 Bf6 20. h4 a5 21. Rb1
axb4 22. Bf3 Rxa4 23. Bxh5 gxh5 24. Ng3 Rca8 25. Rh2 Ra1 26. Rxa1 Rxa1+ 27. Kf2
Bd4+ 28. Kf3 Ra3+ 29. Kg2 Ra2+ 30. Kh3 Rxh2+ 31. Kxh2 b3 32. Nf1 Bc3 33. Ne3 b2
34. Nd1 b1=Q 0-1

[Event "Russian Championship G13 1st league 2016"]
[Site "Loo"]
[Date "2016.04.25"]
[Round "6.28"]
[White "Sych, Alina"]
[Black "Baneva, Darina"]
[Result "1-0"]
[WhiteElo "1442"]
[BlackElo "1255"]
[PlyCount "107"]
[EventDate "2016.04.20"]

1. e4 e6 2. d4 d5 3. Nd2 dxe4 4. Nxe4 Nd7 5. Nf3 Ngf6 6. Bd3 Be7 7. O-O b6 8.
Nxf6+ Nxf6 9. Bb5+ Bd7 10. Bxd7+ Nxd7 11. Bf4 O-O 12. d5 exd5 13. Qxd5 Nf6 14.
Qc6 Bd6 15. Rad1 Ne8 16. Bxd6 Nxd6 17. Rfe1 Rc8 18. Qc3 Re8 19. Rxe8+ Qxe8 20.
Re1 Qd8 21. Ne5 c5 22. Qf3 Qc7 23. Rd1 h6 24. Qd5 Rd8 25. Nc6 Rd7 26. h3 Kf8
27. Ne5 Rd8 28. Qf3 Kg8 29. Rd5 Kf8 30. Qf4 g5 31. Qg3 Nb5 32. Ng6+ fxg6 33.
Qxc7 Nxc7 34. Rxd8+ Ke7 35. Rd2 Nb5 36. a4 Nd4 37. b4 Ne6 38. c3 c4 39. Rd5 a6
40. g3 h5 41. Kg2 h4 42. Kf3 Kf6 43. Rd6 Kf5 44. Rxb6 g4+ 45. hxg4+ Kg5 46.
Rxe6 hxg3 47. fxg3 Kh6 48. b5 axb5 49. axb5 Kg7 50. b6 Kf7 51. Rc6 Kg7 52. b7
Kh6 53. b8=Q Kg5 54. Qf4# 1-0

[Event "Russian Championship G13 1st league 2016"]
[Site "Loo"]
[Date "2016.04.25"]
[Round "6.29"]
[White "Shagimardanova, Ramilya"]
[Black "Lashkova, Ekaterina"]
[Result "1-0"]
[WhiteElo "1413"]
[BlackElo "1302"]
[PlyCount "77"]
[EventDate "2016.04.20"]

1. d4 d5 2. c4 dxc4 3. e3 Be6 4. Qa4+ c6 5. Qc2 b5 6. a4 a6 7. Na3 Nd7 8. f4 g6
9. Nf3 f6 10. g3 Nb6 11. a5 Nd5 12. Bd2 Bf7 13. b3 cxb3 14. Qxc6+ Qd7 15. Qxa8+
Qd8 16. Qxa6 Nc7 17. Qc6+ Qd7 18. Qxd7+ Kxd7 19. Nxb5 Nxb5 20. Bxb5+ Kc7 21.
Rc1+ Kb8 22. Bc3 Bd5 23. Kf2 e5 24. Rb1 exf4 25. gxf4 Nh6 26. Ba4 Nf7 27. Bxb3
Bxb3 28. Rxb3+ Ka8 29. Rhb1 Bd6 30. Rb7 Nd8 31. Rd7 Bb8 32. Nd2 Nc6 33. Nc4 Ba7
34. d5 g5 35. dxc6 Bxe3+ 36. Kxe3 gxf4+ 37. Kxf4 f5 38. Nb6+ Kb8 39. Be5# 1-0

[Event "Russian Championship G13 1st league 2016"]
[Site "Loo"]
[Date "2016.04.25"]
[Round "6.30"]
[White "Makarenko, Elizaveta"]
[Black "Nasonova, Elizaveta"]
[Result "1/2-1/2"]
[WhiteElo "1226"]
[BlackElo "1410"]
[PlyCount "94"]
[EventDate "2016.04.20"]

1. c4 e6 2. d4 d5 3. cxd5 exd5 4. Nf3 Nf6 5. g3 c6 6. Bg2 Bd6 7. Qc2 h6 8. O-O
O-O 9. Nc3 Be6 10. Bd2 Nbd7 11. e3 Re8 12. Rac1 Nb6 13. Ne5 Nfd7 14. f4 Nxe5
15. fxe5 Be7 16. Rf2 Rf8 17. b3 Qd7 18. Rcf1 Bh3 19. Ne2 Bxg2 20. Kxg2 f6 21.
e4 fxe5 22. exd5 Qxd5+ 23. Kg1 exd4 24. Nf4 Qc5 25. Qd3 Qd6 26. Ng6 Rxf2 27.
Rxf2 Bf6 28. Bf4 Qd5 29. Bxh6 Re8 30. Bd2 Qe4 31. Qxe4 Rxe4 32. Nf4 c5 33. Kg2
c4 34. bxc4 Nxc4 35. Kf3 Nxd2+ 36. Rxd2 Re3+ 37. Kf2 Re8 38. Nd5 Rd8 39. Nxf6+
gxf6 40. Kf3 d3 41. Ke3 Kg7 42. Rxd3 Rxd3+ 43. Kxd3 Kg6 44. Kc4 f5 45. Kc5 Kg5
46. Kd6 Kg4 47. Ke5 b5 1/2-1/2

[Event "Russian Championship G13 1st league 2016"]
[Site "Loo"]
[Date "2016.04.25"]
[Round "6.31"]
[White "Shadrukhina, Yuliya"]
[Black "Timofeeva, Juliya"]
[Result "0-1"]
[WhiteElo "1086"]
[BlackElo "1393"]
[PlyCount "114"]
[EventDate "2016.04.20"]

1. d4 d5 2. Nf3 Nf6 3. e3 e6 4. Bd3 c5 5. b3 Nc6 6. Bb2 b6 7. O-O Bb7 8. Ne5
Bd6 9. f4 O-O 10. Rf3 Nb4 11. Be2 Ba6 12. Bxa6 Nxa6 13. Rh3 Nb8 14. Qd3 g6 15.
Nd2 Nbd7 16. Rf1 Bxe5 17. fxe5 Nh5 18. Nf3 Ng7 19. Bc1 h5 20. e4 dxe4 21. Qxe4
Nf5 22. g4 hxg4 23. Qxg4 Nxd4 24. Nxd4 Nxe5 25. Qh4 Qxd4+ 26. Qxd4 cxd4 27. Bb2
Nc6 28. Rf4 e5 29. Rfh4 Kg7 30. Rh7+ Kf6 31. Rf3+ Ke6 32. Ba3 Ne7 33. c3 Rad8
34. cxd4 Rxd4 35. Re3 Rd7 36. Rh4 f5 37. Rh6 Rf6 38. Rg3 g5 39. Rh5 g4 40. h3
gxh3 41. Rhxh3 Rd1+ 42. Kf2 Rd2+ 43. Ke1 Rxa2 44. Bxe7 Kxe7 45. Rh7+ Rf7 46.
Rh6 Rf6 47. Rh7+ Ke6 48. Rgg7 Rb2 49. Re7+ Kd5 50. Rd7+ Ke4 51. Rh4+ f4 52. Rh3
Rg6 53. Kf1 Rg3 54. Rxg3 fxg3 55. Rxa7 Rxb3 56. Ra4+ Kf3 57. Ra2 Rb1# 0-1

[Event "Russian Championship G13 1st league 2016"]
[Site "Loo"]
[Date "2016.04.25"]
[Round "6.32"]
[White "Targyn, Belek"]
[Black "Spiridonova, Maria"]
[Result "1/2-1/2"]
[WhiteElo "1380"]
[BlackElo "1275"]
[PlyCount "118"]
[EventDate "2016.04.20"]

1. Nf3 d5 2. c3 Nf6 3. d4 e6 4. Bg5 Be7 5. Nbd2 Nbd7 6. e3 b6 7. Bb5 Bb7 8. Ne5
O-O 9. Nc6 Qe8 10. Qa4 a6 11. Nxe7+ Qxe7 12. Bxd7 Qxd7 13. Qc2 Rac8 14. h4 Ne4
15. Nxe4 dxe4 16. Qd1 f5 17. g4 a5 18. Qe2 c5 19. O-O-O cxd4 20. Rxd4 Qe8 21.
Rg1 h6 22. Bxh6 gxh6 23. gxf5+ Kh7 24. Qg4 Rc7 25. fxe6 Bc6 26. Rd7+ Rxd7 27.
exd7 Qf7 28. Rd1 Rd8 29. Rd6 Bxd7 30. Qf4 Qxf4 31. exf4 b5 32. Kd2 Kg7 33. Ke3
h5 34. f5 Kf8 35. f6 Ke8 36. Rd5 Bc6 37. f7+ Ke7 38. f8=Q+ Rxf8 39. Rxh5 Rf3+
40. Ke2 Rf4 41. Rh6 Rf6 42. Rh5 Ke6 43. Rc5 Kd6 44. b4 axb4 45. cxb4 Rf7 46. h5
Rh7 47. Rg5 Be8 48. Ke3 Rxh5 49. Rxh5 Bxh5 50. Kxe4 Bg6+ 51. Kd4 Kc6 52. f4 Kd6
53. a3 Bf5 54. Kc3 Kd5 55. Kb2 Kc4 56. Ka2 Kc3 57. a4 bxa4 58. Ka3 Bd7 59. f5
Bxf5 1/2-1/2

[Event "Russian Championship G13 1st league 2016"]
[Site "Loo"]
[Date "2016.04.25"]
[Round "6.33"]
[White "Oreshkina, Natalia"]
[Black "Kulagina, Karina"]
[Result "1-0"]
[WhiteElo "1513"]
[BlackElo "1244"]
[PlyCount "117"]
[EventDate "2016.04.20"]

1. e4 e5 2. Nf3 Nc6 3. Nc3 Nf6 4. Bb5 d6 5. d4 exd4 6. Nxd4 Bd7 7. Bxc6 Bxc6 8.
f3 Be7 9. Be3 Bd7 10. Qd3 c5 11. Ndb5 Bxb5 12. Qxb5+ Qd7 13. Qxd7+ Nxd7 14. Nb5
O-O 15. O-O-O b6 16. Nxd6 Bxd6 17. Rxd6 Ne5 18. Bf2 Nc4 19. Rd7 Ne5 20. Rd5 Ng6
21. Bg3 Ne7 22. Rd6 Ng6 23. Rhd1 f6 24. Rd7 Rfc8 25. Rb7 Nf8 26. Rd6 h6 27. c3
Rcb8 28. Rxb8 Rxb8 29. Rxf6 gxf6 30. Bxb8 a6 31. Bc7 b5 32. Bd6 Nd7 33. Kd2 Kf7
34. Ke3 Ke6 35. Bf4 h5 36. g4 hxg4 37. fxg4 Nf8 38. h4 Ng6 39. h5 Nf8 40. Bc7
Nh7 41. Bf4 Nf8 42. Kd3 Nh7 43. a3 a5 44. b3 Kd7 45. b4 cxb4 46. cxb4 a4 47.
Kd4 Kc6 48. e5 fxe5+ 49. Kxe5 Nf8 50. g5 Nh7 51. g6 Nf8 52. g7 Nd7+ 53. Ke6 Nb6
54. g8=Q Kb7 55. Qb8+ Ka6 56. Bc7 Nc8 57. Qxc8+ Ka7 58. Qb8+ Ka6 59. Qb6# 1-0

[Event "Russian Championship G13 1st league 2016"]
[Site "Loo"]
[Date "2016.04.25"]
[Round "6.35"]
[White "Taranenko, Polina"]
[Black "Khannanova, Lina"]
[Result "1/2-1/2"]
[WhiteElo "1226"]
[BlackElo "1400"]
[PlyCount "142"]
[EventDate "2016.04.20"]

1. d4 d5 2. c4 e6 3. Nc3 Nf6 4. Bg5 Be7 5. Nf3 b6 6. e3 Bb7 7. Bd3 Nbd7 8. O-O
c5 9. Qc2 Qc7 10. Rac1 Rc8 11. Nb5 Qd8 12. Nxa7 Ra8 13. Nb5 cxd4 14. exd4 Rxa2
15. c5 Ra5 16. c6 Bxc6 17. Qxc6 O-O 18. Qc7 h6 19. Qxd8 Rxd8 20. Bf4 g5 21. Bc7
Rda8 22. Bd6 Kf8 23. Bxe7+ Kxe7 24. Rfe1 Ra2 25. b3 Nh5 26. g3 Rb8 27. Nc3 Rb2
28. Nxd5+ Kd8 29. Nb4 Ke8 30. Bc4 b5 31. Bd5 Kf8 32. Bc6 Rxb3 33. Rb1 Rxb1 34.
Rxb1 Ke7 35. Nd3 Rb6 36. Bxb5 Ndf6 37. Rb2 Ne4 38. Bc4 Rxb2 39. Nxb2 Kd6 40.
Kf1 Nhf6 41. Ne5 Ke7 42. Ke2 Nd6 43. Kf3 Nxc4 44. Nbxc4 h5 45. g4 hxg4+ 46.
Nxg4 Nd5 47. Nce5 f6 48. Nd3 Nc7 49. Nc5 Nd5 50. Ne4 Kf7 51. Ngxf6 Nxf6 52.
Nxg5+ Ke7 53. Kf4 Nd7 54. Ke4 Kd6 55. h3 Nf6+ 56. Kd3 Kd5 57. h4 Ng4 58. f3 Nf6
59. Nh3 e5 60. dxe5 Kxe5 61. Ke3 Nh5 62. f4+ Kf5 63. Kf3 Nf6 64. Ng5 Nh5 65.
Nh3 Nf6 66. Ng1 Kg6 67. Ne2 Kh5 68. Ke3 Kxh4 69. Kd4 Kg4 70. Ke5 Nh5 71. Ke4
Nxf4 1/2-1/2

[Event "Russian Championship G13 1st league 2016"]
[Site "Loo"]
[Date "2016.04.25"]
[Round "6.37"]
[White "Pripisnova, Aleksandra"]
[Black "Ganzhina, Maria"]
[Result "1-0"]
[WhiteElo "1263"]
[BlackElo "1356"]
[PlyCount "37"]
[EventDate "2016.04.20"]

1. e4 e6 2. d4 d5 3. Nc3 dxe4 4. Nxe4 Bd7 5. Nf3 Bc6 6. Bd3 Nd7 7. Be3 Ngf6 8.
Nxf6+ Qxf6 9. Be2 Bd6 10. Qd3 h6 11. O-O-O O-O-O 12. Nd2 Bxg2 13. Rhg1 Bc6 14.
Ne4 Bxe4 15. Qxe4 Bxh2 16. Rg2 Bd6 17. Ba6 c6 18. Qxc6+ Bc7 19. Qxb7# 1-0

[Event "Russian Championship G13 1st league 2016"]
[Site "Loo"]
[Date "2016.04.25"]
[Round "6.38"]
[White "Butko, Anna"]
[Black "Senkovskaya, Irina"]
[Result "0-1"]
[WhiteElo "1313"]
[BlackElo "1293"]
[PlyCount "148"]
[EventDate "2016.04.20"]

1. e4 c5 2. Nf3 a6 3. d4 cxd4 4. Nxd4 Nf6 5. Nc3 e5 6. Nb3 Bb4 7. Bd3 d5 8.
exd5 Bxc3+ 9. bxc3 Qxd5 10. O-O O-O 11. Be3 Nc6 12. Re1 Re8 13. Be2 Qxd1 14.
Raxd1 Ne4 15. Rd3 Bf5 16. f3 Nf6 17. Rd2 Rad8 18. Red1 Rxd2 19. Rxd2 Bg6 20.
Bd3 Rd8 21. Bxg6 hxg6 22. Rxd8+ Nxd8 23. Nc5 Nd5 24. Bd2 Nc7 25. c4 Nce6 26.
Nxe6 Nxe6 27. Kf2 Kf8 28. Bb4+ Ke8 29. Ke3 Kd7 30. Ke4 f6 31. Kd5 Nf4+ 32. Kc5
Kc7 33. g3 Ne6+ 34. Kd5 Kd7 35. a4 g5 36. c3 g6 37. h3 b6 38. c5 bxc5 39. Bxc5
Nxc5 40. Kxc5 Kc7 41. Kb4 Kb6 42. g4 f5 43. c4 a5+ 44. Kb3 Kc5 45. Kc3 e4 46.
gxf5 gxf5 47. fxe4 fxe4 48. Kd2 Kxc4 49. Ke3 Kd5 50. Ke2 Kd4 51. Ke1 Kd3 52.
Kd1 e3 53. Ke1 e2 54. Kf2 Kd2 55. Kf3 e1=Q 56. Kg4 Qe4+ 57. Kxg5 Qxa4 58. h4
Qd4 59. h5 a4 60. h6 a3 61. h7 a2 62. Kf5 a1=R 63. Ke6 Re1+ 64. Kf7 Qh8 65. Kg6
Rh1 66. Kg5 Qxh7 67. Kf6 Rh3 68. Ke5 Qf7 69. Ke4 Re3+ 70. Kd4 Qd7+ 71. Kc4 Rc3+
72. Kb4 Qb7+ 73. Ka4 Rc1 74. Ka3 Ra1# 0-1

[Event "Russian Championship G13 2016"]
[Site "Loo"]
[Date "2016.04.25"]
[Round "6.1"]
[White "Stepanyan, Eva"]
[Black "Bodnaruk, Kseniya"]
[Result "1-0"]
[WhiteElo "1737"]
[BlackElo "1591"]
[PlyCount "111"]
[EventDate "2016.04.20"]

1. e4 e5 2. Nf3 Nc6 3. Bc4 Bc5 4. c3 Nf6 5. d3 d6 6. O-O Be6 7. Bb5 Bb6 8. Bg5
h6 9. Bh4 g5 10. Bg3 Bd7 11. Na3 a6 12. Ba4 O-O 13. Nc2 Kh7 14. Re1 Ne7 15.
Bxd7 Nxd7 16. d4 Ng6 17. Qd3 Qf6 18. Ne3 Rae8 19. Nf5 Ne7 20. Nxe7 Rxe7 21.
Rad1 Qg6 22. dxe5 Nxe5 23. Nxe5 dxe5 24. Qd5 Qg7 25. Qxb7 h5 26. h3 h4 27. Bh2
f5 28. Rd2 g4 29. Kf1 g3 30. Bg1 gxf2 31. Bxf2 Bxf2 32. Rxf2 f4 33. Qb3 f3 34.
gxf3 Qg3 35. Ke2 Rd7 36. Rd1 Qxh3 37. Rff1 Rxd1 38. Qxd1 Qe6 39. Qe1 Rf4 40.
Rh1 Qf6 41. Qf2 Kg7 42. Rg1+ Kf7 43. Qc5 Qd6 44. Qc4+ Ke7 45. Rg7+ Kd8 46. Qg8+
Rf8 47. Qh7 Qf6 48. Rd7+ Ke8 49. Rd3 Rf7 50. Qg8+ Rf8 51. Qg4 Kf7 52. Rd7+ Ke8
53. Rxc7 Qd6 54. Qc8+ Qd8 55. Qe6+ Qe7 56. Qxe7# 1-0

[Event "Russian Championship G13 2016"]
[Site "Loo"]
[Date "2016.04.25"]
[Round "6.3"]
[White "Garifullina, Leya"]
[Black "Murzina, Agata"]
[Result "1-0"]
[WhiteElo "1897"]
[BlackElo "1752"]
[PlyCount "103"]
[EventDate "2016.04.20"]

1. e4 c5 2. Nf3 d6 3. d4 cxd4 4. Nxd4 e5 5. Nb3 Be6 6. Nc3 Nf6 7. Bg5 Be7 8.
Qd2 a6 9. O-O-O Nbd7 10. f3 Qc7 11. Be3 b5 12. Kb1 O-O 13. g4 Rfc8 14. g5 Ne8
15. h4 b4 16. Nd5 Bxd5 17. exd5 a5 18. Bd3 Nc5 19. Nc1 Qb7 20. h5 f6 21. Bf5
Rcb8 22. g6 h6 23. Bxh6 gxh6 24. Qxh6 Bf8 25. Qd2 a4 26. h6 b3 27. cxb3 axb3
28. a3 Qc7 29. Nd3 Bxh6 30. Rxh6 Nxd3 31. Be6+ Kf8 32. Rh8+ Ke7 33. Rh7+ Kd8
34. Rxc7 Kxc7 35. Qxd3 Ng7 36. Rc1+ Kd8 37. Qc3 Nxe6 38. dxe6 Ke7 39. Qc4 Ra7
40. Qd5 Rab7 41. Rc6 Rd8 42. g7 f5 43. Rxd6 Rxd6 44. Qxb7+ Kf6 45. Qf7+ Kg5 46.
g8=Q+ Kf4 47. Qd7 Kxf3 48. Qxd6 e4 49. Qgg3+ Ke2 50. Qdf4 Kd1 51. Qff2 e3 52.
Qgg1# 1-0

[Event "Russian Championship G13 2016"]
[Site "Loo"]
[Date "2016.04.25"]
[Round "6.3"]
[White "Mironenko, Galina"]
[Black "Baisheva, Nyurguiaana"]
[Result "0-1"]
[WhiteElo "1731"]
[BlackElo "1603"]
[PlyCount "122"]
[EventDate "2016.04.20"]

1. b3 Nf6 2. Bb2 g6 3. e4 d6 4. Nc3 Bg7 5. Nf3 O-O 6. d4 c5 7. Be2 Nbd7 8. O-O
cxd4 9. Nxd4 a6 10. f4 Nc5 11. Bf3 e5 12. Nde2 exf4 13. Nxf4 Nfxe4 14. Bxe4
Nxe4 15. Nxe4 Bxb2 16. Rb1 Be5 17. Qd5 Qc7 18. c4 Bd7 19. Rbd1 Bc6 20. Qd3 Rad8
21. Nd5 Bxd5 22. cxd5 h6 23. Nf6+ Kg7 24. Qf3 Qc3 25. Rd3 Qb2 26. Ng4 Bd4+ 27.
Kh1 f5 28. Ne3 Bxe3 29. Qxe3 Rfe8 30. Qb6 Rd7 31. a4 Re2 32. Rg1 Rxg2 33. Rxg2
Qb1+ 34. Qg1 Qxd3 35. Rxg6+ Kh7 36. Qg3 Qf1+ 37. Qg1 Qf3+ 38. Qg2 Qd1+ 39. Qg1
Qxd5+ 40. Qg2 Qxb3 41. Rg3 Qd1+ 42. Qg1 Qxg1+ 43. Rxg1 d5 44. Rd1 Kg6 45. Kg2
d4 46. Kf3 Kf6 47. Kf4 d3 48. Rd2 Rd4+ 49. Ke3 Ke5 50. Rxd3 Rxd3+ 51. Kxd3 b5
52. axb5 axb5 53. Kc3 Ke4 54. Kb4 f4 55. Kxb5 f3 56. h4 f2 57. Kc6 f1=Q 58. Kd6
Qf5 59. Ke7 Ke5 60. Ke8 Kd6 61. Kd8 Qf8# 0-1

[Event "Russian Championship G13 2016"]
[Site "Loo"]
[Date "2016.04.25"]
[Round "6.4"]
[White "Yakimova, Mariya"]
[Black "Dubnikova, Anastasia"]
[Result "1/2-1/2"]
[WhiteElo "1631"]
[BlackElo "1686"]
[PlyCount "167"]
[EventDate "2016.04.20"]

1. e4 e6 2. d4 d5 3. Nc3 Bb4 4. Nge2 dxe4 5. a3 Be7 6. Nxe4 Nd7 7. Be3 Ngf6 8.
N2c3 O-O 9. Be2 b6 10. Bf3 Nd5 11. Nxd5 exd5 12. Nc3 Nf6 13. O-O Bb7 14. Re1
Qd7 15. h3 Rfe8 16. Qd2 Ne4 17. Nxe4 dxe4 18. Bg4 f5 19. Be2 Rf8 20. c4 h6 21.
Qc1 g5 22. d5 Bf6 23. Bd2 Be5 24. Bc3 Qg7 25. Bxe5 Qxe5 26. Qc3 Qxc3 27. bxc3
Kg7 28. a4 Kf6 29. a5 Ke5 30. g4 c6 31. a6 Bc8 32. Red1 fxg4 33. hxg4 Bd7 34.
dxc6 Bxc6 35. c5 b5 36. Rd6 Rf6 37. Rad1 Raf8 38. Rxf6 Rxf6 39. Rb1 Kd5 40.
Bxb5 Bxb5 41. Rxb5 Rxa6 42. Kf1 Ra4 43. Rb4 Ra1+ 44. Ke2 Ra2+ 45. Ke3 Rc2 46.
Ra4 Rxc3+ 47. Ke2 Kxc5 48. Rxa7 Rb3 49. Rc7+ Kd5 50. Rd7+ Kc5 51. Re7 Kd5 52.
Kf1 Rf3 53. Kg2 Rf4 54. Kg3 Rf6 55. Ra7 Rd6 56. Ra5+ Ke6 57. Ra8 Ke5 58. Re8+
Re6 59. Ra8 Rd6 60. Re8+ Kd4 61. Ra8 Kd3 62. Ra5 Ke2 63. Kg2 e3 64. Re5 Rd3 65.
fxe3 Rxe3 66. Ra5 Kd3 67. Kf2 Re2+ 68. Kf3 Re3+ 69. Kf2 Re7 70. Ra6 Rh7 71. Re6
Kd4 72. Kf3 Kd5 73. Re1 Rf7+ 74. Kg3 Rf4 75. Rh1 Rf6 76. Re1 Re6 77. Rf1 Kd6
78. Ra1 Ke7 79. Ra7+ Kf6 80. Ra8 Kg7 81. Kf3 Rf6+ 82. Kg3 Rf8 83. Ra6 h5 84.
gxh5 1/2-1/2

[Event "Russian Championship G13 2016"]
[Site "Loo"]
[Date "2016.04.25"]
[Round "6.5"]
[White "Tereshechkina, Taisiya"]
[Black "Zelenskaya, Anastasiya"]
[Result "1-0"]
[WhiteElo "1679"]
[BlackElo "1610"]
[PlyCount "119"]
[EventDate "2016.04.20"]

1. e4 c5 2. Nf3 Nc6 3. Bb5 g6 4. O-O Bg7 5. Re1 Nf6 6. e5 Nd5 7. Nc3 Nc7 8.
Bxc6 dxc6 9. h3 O-O 10. d3 Nd5 11. Ne4 b6 12. b3 Bf5 13. Bb2 Qd7 14. Qd2 Bxh3
15. gxh3 Qxh3 16. Ng3 Bh6 17. Qe2 Nf4 18. Qf1 Qg4 19. Nh2 Nh3+ 20. Kh1 Qh4 21.
Re4 Bf4 22. Bc1 Nxf2+ 23. Qxf2 Bxg3 24. Rxh4 Bxf2 25. Re4 Bd4 26. Rb1 f6 27.
exf6 exf6 28. Bh6 Rfe8 29. Rbe1 Kf7 30. Bd2 f5 31. Rxe8 Rxe8 32. Rxe8 Kxe8 33.
Nf3 Bf6 34. Kg2 Kf7 35. Bh6 Ke6 36. Kg3 Kd5 37. Kf4 b5 38. c4+ bxc4 39. dxc4+
Ke6 40. Bf8 Be7 41. Bxe7 Kxe7 42. Ne5 Kd6 43. Nd3 h6 44. Ne5 Kc7 45. Nxg6 Kb6
46. Kxf5 a5 47. a4 Kc7 48. Ke6 h5 49. Nh4 Kc8 50. Kd6 Kb7 51. Kxc5 Kc7 52. b4
axb4 53. Kxb4 Kb6 54. Nf5 Kb7 55. Kc5 Kc7 56. a5 Kb7 57. a6+ Kxa6 58. Kxc6 Ka7
59. c5 Kb8 60. Kd7 1-0